Радиочастотный масс-спектрометр (теория, расчет и конструирование)

Библиографические подробности
Автор-организация: Академия наук СССР (АН СССР) Сибирское отделение (СО) Институт геологии и геофизики (ИГиГ)
Другие авторы: Ворсин А. Н. Александр Николаевич, Доильницын Е. Ф. Евгений Федорович, Трубецкой А. И. Анатолий Иустинович, Щербакова М. Я. Мира Яковлевна
Примечания:Описан радиочастотный масс-спектрометр типа Беннета. Даны теория и расчет при использовании различных форм высокочастотного сигнала. Кратко описана технология изготовления радиочастотного масс-спектрометра, а также рассмотрены результаты испытания прибора и выбор режима его работы.
Язык:русский
Опубликовано: Москва, Изд-во АН СССР, 1959
Предметы:
Формат: MixedMaterials Книга
Запись в KOHA:https://koha.lib.tpu.ru/cgi-bin/koha/opac-detail.pl?biblionumber=376061

MARC

LEADER 00000nam0a2200000 4500
001 376061
005 20231102012805.0
035 |a (RuTPU)RU\TPU\retro\33501 
035 |a RU\TPU\book\251668 
090 |a 376061 
100 |a 20221221d1959 k y0rusy50 ca 
101 0 |a rus 
102 |a RU 
105 |a a z 001zy 
200 1 |a Радиочастотный масс-спектрометр (теория, расчет и конструирование)  |f А. Н. Ворсин [и др.]  |g Академия наук СССР (АН СССР), Сибирское отделение (СО), Институт геологии и геофизики (ИГиГ) 
210 |a Москва  |c Изд-во АН СССР  |d 1959 
215 |a 76 с.  |c ил. 
317 |5 63413507: КР-450  |a Поступила в НТБ в 2004 г. в составе книжного собрания профессора ТПИ К. В. Радугина 
320 |a Библиогр.: с. 74-75. 
330 |a Описан радиочастотный масс-спектрометр типа Беннета. Даны теория и расчет при использовании различных форм высокочастотного сигнала. Кратко описана технология изготовления радиочастотного масс-спектрометра, а также рассмотрены результаты испытания прибора и выбор режима его работы. 
606 1 |a Масс-спектрометры  |x Разработка  |2 stltpush  |3 (RuTPU)RU\TPU\subj\72013  |9 85643 
606 1 |a Геофизические приборы  |x Детали и узлы  |2 stltpush  |3 (RuTPU)RU\TPU\subj\6275  |9 34201 
610 1 |a радиочастотные устройства 
610 1 |a радиочастотные спектры 
610 1 |a спектрометрическая аппаратура 
610 1 |a спектрометрический анализ 
610 1 |a теория 
610 1 |a расчет 
610 1 |a применение 
610 1 |a конструирование 
610 1 |a питание 
610 1 |a настройка 
610 1 |a вакуумные системы 
610 1 |a регистрирующие устройства 
610 1 |a библиотека К. В. Радугина 
610 1 |a схемы 
675 |a 681.785  |v 3 
675 |a 550.83.07  |v 3 
701 1 |a Ворсин  |b А. Н.  |g Александр Николаевич 
701 1 |a Доильницын  |b Е. Ф.  |g Евгений Федорович 
701 1 |a Трубецкой  |b А. И.  |g Анатолий Иустинович 
701 1 |a Щербакова  |b М. Я.  |g Мира Яковлевна 
712 0 2 |a Академия наук СССР (АН СССР)  |b Сибирское отделение (СО)  |b Институт геологии и геофизики (ИГиГ)  |c (Новосибирск)  |2 stltpush  |3 (RuTPU)RU\TPU\col\128 
801 1 |a RU  |b 63413507  |c 20130124 
801 2 |a RU  |b 63413507  |c 20221221  |g RCR 
942 |c BK